00379nam a22001457a 4500003000400000005001700004008004100021040001000062082001300072100001500085245007300100260004200173300001000215600000800225OSt20250610113231.0250610b |||||||| |||| 00| 0 eng d cAACR2 a342.5491 aFarani, M. aLaw of Writs in Pakistan:bjudicial review in Pakistancby M. Farani aLahore:bNadeem Law Book House,c1999 a780p. 2Law